000 01069 a2200241 4500
003 Nust
005 20221121135345.0
010 _a 91030740
020 _a0471509973
040 _cNust
082 0 0 _a515.35,BOY
100 1 _aBoyce, William E.
_98580
245 1 0 _aElementary differential equations /
_cWilliam E. Boyce, Richard C. DiPrima.
250 _a7th ed.
260 _aNew York :
_bJ. Wiley,
_cc2002.
300 _axvi, 592p
_bcol. ill. ;
_c25 cm.
505 _aIntroduction (Page-1), First Order Differential Equations (Page-29), Second Order Linear Equations (Page-129), Higher Order Linear Equations (Page-209), Series Solutions of Second Order Linear Equations (Page-231), The Laplace Transform (Page-293), Systems Of First Order Linear Equations (Page-339), Numerical Methods (Page-419), Nonlinear Differential Equation and Stability (Page-459).
650 0 _aBoundary value problems.
_9689
650 0 _aDifferential equations.
_9688
700 1 _aBoyce, William E.
_98580
700 1 _aDiPrima, Richard C.
_98581
942 _2ddc
_cBK
_k515.35,BOY
999 _c180939
_d180939